000 00581nam a22001937a 4500
999 _c17689
_d17689
003 AR-CdUCM
008 190509b ||||| |||| 00| 0 spa d
040 _aMUNICIPALIDAD PROVINCIAL DEL CUSCO
_cBIBLIOTECA MUNICIPAL DEL CUSCO
082 _a947.084 /
_bG74
100 _aGorky, Máximo
_937829
245 _aEl terror Bolchevista :
_bLa cultura en las revoluciones /
260 _aBarcelona :
_bB. Bauza,
300 _a180 paginas ;
_c20 cm.
500 _aLiteratura
650 _aLiteratura
_983
650 _aHistoria
_9136
942 _2ddc
_cLIBROS
945 _apjha
_d2019-05-09